00477nam a2200121Ia 4500008004100000024005700041082001600098100007600114245007900190260002600269600002700295650003300322260210s9999 xx 000 0 und d a11B-80-EL, 11B-81-EL, 11B-94-EL & 11B-136-EL a658.072 ABD aAbdul Basit Ameen, Muhammad Essam Ismail, Salik Rasheed & Taha Asif 0aWater Distribution management System with Real Time Monitoring Through PLC aKarachi:bUITU,c2011 aElectronic Engineering aBachelor of Engineering (BE)